The chemical arts of old China /

Bibliographic Details
Main Author: Li, Qiaoping, 1897-
Format: Book
Language:English
Published: Easton, Pa. : Journal of Chemical Education, [1948]
Subjects:

MARC

Tag First Indicator Second Indicator Subfields
LEADER 00000cam a2200000 4500
001 in00000049510
005 20151007071746.0
008 730116s1948 paua 00000 eng u
010 |a  48009827  
035 |a (OCoLC)00538078 
035 |9 AAE6584AM 
040 |c WSU  |d TXA  |d UtOrBLW 
049 |a TXAM   |c 1 [456109] 
050 0 |a QD18.C5  |b L5 
092 |a 540.9  |b L693c 
100 1 |a Li, Qiaoping,  |d 1897- 
245 1 4 |a The chemical arts of old China /  |c with a foreword by Tenney L. Davis. 
264 1 |a Easton, Pa. :  |b Journal of Chemical Education,  |c [1948] 
300 |a 215 pages 
336 |a text  |b txt  |2 rdacontent 
337 |a unmediated  |b n  |2 rdamedia 
338 |a volume  |b nc  |2 rdacarrier 
500 |a Added t.-p. in Chinese. 
500 |a "The book was first written in Chinese, entitled 'History of chemistry in China' ... The first edition appeared in 1940, and the second edition in 1941 ... With additional material this English version [by the author] ... was completed in the same year." 
650 0 |a Chemistry  |x History  |z China. 
999 |a MARS 
999 f f |s c5ec476b-d9e1-3e21-9cd6-4f9fd090c49a  |i b3bef5b8-6ad6-3a3b-be05-69d62775b976  |t 0 
952 f f |p ric  |a Texas A&M University  |b Rellis Campus  |c Joint Library Facility  |d Remote Storage  |t 0  |e QD18.C5 L5  |h Library of Congress classification  |i unmediated -- volume  |m A14800933072 
998 f f |a QD18.C5 L5  |t 0  |l Remote Storage